Statistiques concernant Top 15 des pays avec les décès de Covid-19 - 23 juillet

Cliquez ici pour prendre le quiz!

Statistiques générales

  • Ce quiz a été pris 23 fois
  • Le résultat moyen est 15 sur 20

Statistiques - réponses

pays% Correct
Brésil
100%
Espagne
100%
Etats-Unis
100%
France
100%
Italie
100%
Allemagne
95%
Belgique
91%
Royaume-Uni
91%
Russie
91%
Inde
86%
Mexique
86%
Canada
73%
Pays-Bas
68%
Pérou
64%
Suède
59%
Chili
50%
Iran
50%
Équateur
32%
Irlande
32%
Panama
18%

Distribution des résultats

Percentile par nombre de réponses

% des personnes avec chaque résultat

Votre développement - résultats

Vous n’avez pas pris ce quiz